|
|
|
|
| LEADER |
00000cam a2200000 a 4500 |
| 001 |
vtls009810057 |
| 003 |
SK-MaSNL |
| 005 |
20260301025332.0 |
| 008 |
251120s2007 xo j f000 0 slo |
| 013 |
|
|
|a 285948
|b SK
|c patent
|d 20071102
|e dátum nadobudnutia účinkov patentu (Vestník ÚPV SR č.: 11/207)
|d 20071026
|e dátum sprístupnenia patentu
|
| 013 |
|
|
|a 1357-96
|e číslo prihlášky
|d 19950424
|e dátum podania prihlášky
|d 19970507
|e dátum zverejnenia prihlášky (Vestník ÚPV SR č.: 05/1997)
|
| 013 |
|
|
|a A857/94, A858/94, A1066/94
|e číslo prioritnej prihlášky
|d 19940425, 19940425, 19940525
|e dátum podania prioritnej prihlášky
|b AT, AT, AT
|e kód krajiny prioritnej prihlášky
|
| 015 |
|
|
|a SNBN2013
|
| 035 |
|
|
|a (SVKBBclas03)vtls000278751
|
| 040 |
|
|
|a SNK
|b slo
|c SNK
|e AACR2
|
| 041 |
0 |
|
|a slo
|
| 044 |
|
|
|a xo
|c SK
|
| 072 |
|
7 |
|a 615
|x Farmácia. Farmakológia
|2 konspekt
|
| 080 |
|
|
|a 615.334
|2 2001
|
| 080 |
|
|
|a 577.182.24
|2 2001
|
| 084 |
|
|
|a C07D 501/00
|2 IPC
|
| 245 |
0 |
0 |
|a Cefem-deriváty, spôsob ich prípravy a ich použitie ako medziproduktov pri príprave cefalosporínov
|c Gerd Ascher, Johannes Ludescher, Hubert Sturm, Josef Wieser ; patent. zást. Dagmar Čechvalová
|
| 260 |
|
|
|a [Banská Bystrica]
|b Úrad priemyselného vlastníctva SR
|c [2007]
|
| 300 |
|
|
|a 17 s.
|c 30 cm
|
| 650 |
0 |
7 |
|a cefalosporíny
|2 SNKPH
|9 16779
|
| 650 |
0 |
7 |
|a cefem-deriváty
|2 SVKBBPH
|9 321012
|
| 650 |
0 |
7 |
|a Cephalosporins
|2 SNKPHeng
|9 321013
|
| 700 |
1 |
|
|a Ludescher, Johannes
|4 org
|9 321014
|
| 700 |
1 |
|
|a Sturm, Hubert
|4 org
|9 321015
|
| 700 |
1 |
|
|a Wieser, Josef
|4 org
|9 321016
|
| 700 |
1 |
|
|a Čechvalová, Dagmar
|4 oth
|9 305714
|
| 700 |
1 |
|
|a Ascher, Gerd
|4 org
|9 321017
|
| 710 |
2 |
|
|a Nabriva Therapeutics Forschungs GmbH (Viedeň, Rakúsko)
|4 pth
|9 321018
|
| 999 |
|
|
|c 572736
|d 574666
|
| 952 |
|
|
|a SNK
|b SNK
|y PREZ
|7 0
|p 17A1092579
|o snkSK 285948
|i snk2013/28429
|8 0
|0 0
|1 0
|4 0
|d 2013-11-21
|l 0
|r 2026-02-23 14:22:05
|w 2026-02-23
|